Estadísticas para Mejores películas de terror de la historia

Haz click aquí para intentar la prueba.

Estadísticas generales

  • Esta prueba ha sido intentada 239 veces
  • La puntuación promedio es 8 de 55

Estadísticas de respuestas

AñoPelícula% Correcto
1973El Exorcista
52%
1980Viernes 13
51%
2017It
47%
1978Halloween
44%
1980El Resplandor
42%
1996Scream
38%
1984Pesadilla en Elm Street
37%
1960Psicosis
37%
2013Expediente Warren
34%
1992Dracula, de Bram Stoker
33%
2014Annabelle
31%
2019Nosotros
29%
2004Saw
27%
1989Muñeco Diabolico
26%
1922Nosferatu
25%
1974La Matanza de Texas
23%
2011Insidious
20%
1931Frankenstein
19%
1976Carrie
18%
2002The Ring
18%
2007Rec
14%
1979Alien
11%
1975Tiburón
11%
2017Dejame Salir
10%
1982La Cosa
10%
1982Poltergeist
10%
2001Los Otros
8%
1963Los Pajaros
8%
1968La Semilla del Diablo
7%
1997Sé lo que hicisteis el Último Verano
7%
2012Sinister
7%
1968La Noche de los Muertos Vivientes
6%
1976La Profecía
6%
1999La Momia
5%
1986La Mosca
5%
1992Candyman
4%
2001Destino Final
4%
2003El Grito
4%
1999El Proyecto de la Bruja de Blair
4%
1987Hellraiser
4%
2009La Huerfana
4%
1977Las Colinas Tienen Ojos
4%
1981Posesión Infernal
4%
1932La Parada de los Monstruos
3%
1962El Carnaval de las Almas
2%
1925El Fantasma de la Opera
2%
1977Suspiria
2%
2018Un Lugar Tranquilo
2%
1980Al final de la Escalera
1%
2004Amanecer de los Muertos
1%
1993Cronos
1%
1999El Sexto Sentido
1%
2009Arrastrame al Infierno
0%
2016La Autopsia de Jane Doe
0%
2016Múltiple
0%

Distribución de puntuación

Porcentaje por número respondido

Porcentaje de gente con cada puntuación

Historial de tus puntuaciones

No has intentado esta prueba.